Prilog analizi tekucij privrednih kretanja i ekonomske politike u SR hrvatskoj (Record no. 2654)
[ view plain ]
| 000 -LEADER | |
|---|---|
| fixed length control field | 00429nam a22001697i 4500 |
| 001 - CONTROL NUMBER | |
| control field | 2680 |
| 003 - CONTROL NUMBER IDENTIFIER | |
| control field | OSt |
| 005 - DATE AND TIME OF LATEST TRANSACTION | |
| control field | 20170126082309.0 |
| 007 - PHYSICAL DESCRIPTION FIXED FIELD--GENERAL INFORMATION | |
| fixed length control field | tu |
| 008 - FIXED-LENGTH DATA ELEMENTS--GENERAL INFORMATION | |
| fixed length control field | 161220s xxu||||| |||| 00| 0 d |
| 024 7# - OTHER STANDARD IDENTIFIER | |
| Standard number or code | 2679 |
| Source of number or code | RID |
| 040 ## - CATALOGING SOURCE | |
| Transcribing agency | OSt |
| 100 1# - MAIN ENTRY--PERSONAL NAME | |
| Personal name | Cicin-Sain, Ante |
| Relator term | Ed. |
| 245 00 - TITLE STATEMENT | |
| Title | Prilog analizi tekucij privrednih kretanja i ekonomske politike u SR hrvatskoj |
| 260 ## - PUBLICATION, DISTRIBUTION, ETC. | |
| Place of publication, distribution, etc. | Zagreb : |
| Name of publisher, distributor, etc. | Ekonomski Institut, Zagreb. |
| 300 ## - PHYSICAL DESCRIPTION | |
| Dimensions | 21cm |
| 942 ## - ADDED ENTRY ELEMENTS (KOHA) | |
| Koha item type | Book |
| Withdrawn status | Lost status | Damaged status | Not for loan | Home library | Current library | Shelving location | Date acquired | Inventory number | Total Checkouts | Full call number | Barcode | Date last seen | Price effective from | Koha item type |
|---|---|---|---|---|---|---|---|---|---|---|---|---|---|---|
| WIIW | WIIW | Souterrain | 09/06/1995 | 2680 | I-4.900/1983,1984 | 302678 | 01/26/2017 | 01/26/2017 | Book |
